| Поле | Название | Значение |
| |
Тип записи |
a |
| |
Библиографический уровень |
m |
| 001 |
Контрольный номер |
2d80efcb5acc40109d8cc557a825e09a |
| 005 |
Дата корректировки |
20160714140651.8 |
| 010 |
Индекс ISBN |
__ |
| a |
ISBN |
5-238-00239-4 |
| 010 |
Индекс ISBN |
__ |
| a |
ISBN |
0-00-499037-4 |
| 200 |
Заглавие и сведения об ответственности |
1_ |
| a |
Заглавие |
Стратегический маркетинг |
| e |
Сведения, относящиеся к заглавию |
Ситуации,примеры:Учеб. пособие для вузов |
| f |
Первые сведения об ответственности |
Пер. с англ.Е.Э.Лалаян;Под ред. Ю.А.Цыпкина |
| 210 |
Выходные данные |
1_ |
| a |
Место издания |
М. |
| c |
Издательство |
ЮНИТИ-ДАНА |
| d |
Дата издания |
2001 |
| 215 |
Физическое описание |
__ |
| a |
Объем |
471 с. |
| 300 |
Общие примечания |
__ |
| a |
Общие примечания |
3экз. |
| 610 |
Ключевые слова |
0_ |
| a |
Ключевые слова |
стратегический маркетинг |
| 686 |
Индексы других классификаций |
__ |
| a |
Классификационный индекс |
65.050 |
| 2 |
Код системы |
rubbk |
| 686 |
Индексы других классификаций |
__ |
| a |
Классификационный индекс |
65.050.8я73 |
| 2 |
Код системы |
rubbk |
| 700 |
Автор |
_1 |
| a |
Фамилия |
Эткинсон Джон |
| 701 |
Альтернативная интеллектуальная ответственность |
_1 |
| a |
Фамилия |
Уилсон Йен |
| 801 |
Источник записи |
_0 |
| a |
Страна |
RU |
| b |
Организация |
РУК |
| c |
Дата составления |
20010703 |
| g |
Правила каталогизации |
PSBO |
| 801 |
Источник записи |
_1 |
| a |
Страна |
RU |
| b |
Организация |
РУК |
| c |
Дата составления |
20010703 |
| g |
Правила каталогизации |
PSBO |
| 852 |
Данные о местонахождении |
__ |
| i |
Авторский знак |
Э 90 |
| j |
Шифр хранения |
ББК 65.050 |
| 901 |
Тип документа |
__ |
| t |
Тип документа |
m |
| 938 |
Служебная информация |
__ |
| a |
Название организации |
Головной вуз |
| b |
Имя БД |
BOOK |
| c |
Название АИБС |
АИБС ИРБИС |
| 938 |
Служебная информация |
__ |
| a |
Название организации |
Владимирский филиал |